Let it happen - Tame Impala lyrics - Statistics

General Stats
  • This quiz has been taken 28 times
  • The average score is 217 of 355
Answer Stats
Answer % Correct
I
100%
(I
100%
a
96%
it
96%
it,
96%
it?
96%
“let
91%
let
91%
the
91%
happen,
87%
happen”
87%
happen
87%
me,
87%
me
87%
around
83%
It’s
83%
(it’s
83%
it’s
83%
not
83%
you
83%
You
83%
so
78%
to
78%
try
78%
all
74%
an
74%
and
74%
be
74%
can
74%
this
74%
do
70%
my
70%
running
70%
always
65%
but
65%
gonna
65%
I’m
65%
that
65%
will
65%
get
61%
hear
61%
take
61%
when
61%
as
57%
can’t
57%
cover
57%
noise
57%
shadow
57%
they
57%
feel
52%
happens,
52%
happens
52%
next
52%
on
52%
on)
52%
some
52%
think
52%
through
52%
ticket,
52%
would
52%
good)
48%
growing
48%
if
48%
inside
48%
“just
48%
never
48%
other
48%
scare
48%
train
48%
tryin’
48%
was
48%
why
48%
loud
43%
must
43%
notion
43%
now
43%
push
43%
saying
43%
story
43%
vanish,
43%
voice
43%
were
43%
come
39%
isn’t
39%
longer
39%
morning
39%
mother
39%
much
39%
nearly
39%
shoulders
39%
sorry
39%
tell
39%
alarm
35%
along
35%
baby,
35%
back
35%
down
35%
heard
35%
off
35%
others
35%
ready,
35%
ready
35%
someone
35%
thinking
35%
about
30%
another
30%
anyone’d
30%
bearing
30%
been
30%
bound
30%
cannot
30%
carry
30%
closer
30%
lovin’
30%
moving
30%
oh,
30%
out
30%
seem
30%
shallow
30%
that’s
30%
coming
26%
fails
26%
fight
26%
holding
26%
make
26%
maybe
26%
up
26%
for
22%
moment
22%
’round
22%
something’s
22%
whirlwind
22%
won’t
22%
sound
17%
take-off
17%
throught
4%
No matching quizzes found
Score Distribution
Percent of People with Each Score
Percentile by Number Answered
Your Score History
You have not taken this quiz